Govt. of
Madhya Pradesh

Rock Art Studies In India (Record no. 14348)

MARC details
000 -LEADER
fixed length control field 004790000a22001930004500
001 - CONTROL NUMBER
control field 002436
003 - CONTROL NUMBER IDENTIFIER
control field MACL
005 - DATE AND TIME OF LATEST TRANSACTION
control field 20150828121933.0
008 - FIXED-LENGTH DATA ELEMENTS--GENERAL INFORMATION
fixed length control field 150828b xxu||||| |||| 00| 0 eng d
040 ## - CATALOGING SOURCE
Original cataloging agency MACL
Transcribing agency MACL
041 ## - LANGUAGE CODE
Language code of text/sound track or separate title English
082 ## - DEWEY DECIMAL CLASSIFICATION NUMBER
Classification number 709.0113/CHA
100 ## - MAIN ENTRY--PERSONAL NAME
Personal name Chakraverty,
9 (RLIN) 7820
245 ## - TITLE STATEMENT
Title Rock Art Studies In India
Remainder of title A Historical Perspective
Statement of responsibility, etc. Chakraverty
260 ## - PUBLICATION, DISTRIBUTION, ETC. (IMPRINT)
Place of publication, distribution, etc. Kolkata
Date of publication, distribution, etc. 2003
350 ## - PRICE (NR) (BK AM CF MU VM SE) [OBSOLETE]
Price 400
650 ## - SUBJECT ADDED ENTRY--TOPICAL TERM
Topical term or geographic name as entry element The Arts
9 (RLIN) 7821
942 ## - ADDED ENTRY ELEMENTS (KOHA)
Call number prefix 709
Koha item type Books
Source of classification or shelving scheme
Holdings
Withdrawn status Lost status Source of classification or shelving scheme Damaged status Not for loan Home library Current library Date acquired Cost, normal purchase price Total Checkouts Full call number Barcode Date last seen Uniform Resource Identifier Price effective from Koha item type
          MACL MACL 15/04/2015 400.00   709.0113/CHA CRE018306 02/05/2024 14231 15/04/2015 Books